Terror en Lo Cañas: violencia política tras la Guerra del Pacífico
| VerfasserInnen: | ; |
|---|---|
| Medienart: | Druck Buch |
| Sprache: | Spanisch |
| Veröffentlicht: |
Santiago de Chile
Taurus
octubre 2021
|
| In: | Jahr: 2021 |
| Ausgabe: | Primera edición |
| Online-Zugang: |
Cover Inhaltsverzeichnis Inhaltsverzeichnis Klappentext |
| Bestand in Tübingen: | In Tübingen vorhanden. UB: KB 21 A 2654 |
| Verfügbarkeit prüfen: | HBZ Gateway |
| Subito Bestelldienst: | Jetzt bestellen. |
| Schlagwörter: |
MARC
| LEADER | 00000cam a2200000 c 4500 | ||
|---|---|---|---|
| 001 | 178355570X | ||
| 003 | DE-627 | ||
| 005 | 20241128101734.0 | ||
| 007 | tu | ||
| 008 | 211223s2021 cl ||||| 00| ||spa c | ||
| 020 | |a 9789569635625 |9 978-956-9635-62-5 | ||
| 020 | |a 9786124256264 |9 978-612-4256-26-4 | ||
| 035 | |a (DE-627)178355570X | ||
| 035 | |a (DE-599)KXP178355570X | ||
| 035 | |a (OCoLC)1289925990 | ||
| 040 | |a DE-627 |b ger |c DE-627 |e rda | ||
| 041 | |a spa | ||
| 044 | |c XD-CL | ||
| 084 | |a 2,1 |2 ssgn | ||
| 100 | 1 | |a Mc Evoy, Carmen |d 1956- |e VerfasserIn |0 (DE-588)129541265 |0 (DE-627)472301896 |0 (DE-576)297713191 |4 aut | |
| 109 | |a Mc Evoy, Carmen 1956- |a Mac Evoy, Carmen 1956- |a Mc Evoy, Carmen E. 1956- |a Evoy, Carmen Mc 1956- |a MacEvoy, Carmen 1956- |a McEvoy Carreras, Carmen E. 1956- |a Mac Evoy Carreras, Carmen E. 1956- |a MacEvoy Carreras, Carmen 1956- |a McEvoy, Carmen 1956- |a MacEvoy Carreras, Carmen E. 1956- | ||
| 245 | 1 | 0 | |a Terror en Lo Cañas |b violencia política tras la Guerra del Pacífico |c Carmen Mc Evoy y Gabriel Cid |
| 250 | |a Primera edición | ||
| 264 | 1 | |a Santiago de Chile |b Taurus |c octubre 2021 | |
| 300 | |a 208 Seiten |b Illustrationen, Karte | ||
| 336 | |a Text |b txt |2 rdacontent | ||
| 337 | |a ohne Hilfsmittel zu benutzen |b n |2 rdamedia | ||
| 338 | |a Band |b nc |2 rdacarrier | ||
| 490 | 0 | |a Historia | |
| 583 | 1 | |a Archivierung/Langzeitarchivierung gewährleistet |f FID |x XA-DE-BW |2 pdager |5 DE-21 | |
| 689 | 0 | 0 | |d g |0 (DE-588)4009929-5 |0 (DE-627)104585218 |0 (DE-576)208885323 |a Chile |2 gnd |
| 689 | 0 | 1 | |d g |0 (DE-588)4191826-5 |0 (DE-627)105239208 |0 (DE-576)210076275 |a Araucania |2 gnd |
| 689 | 0 | 2 | |d s |0 (DE-588)4249775-9 |0 (DE-627)104130288 |0 (DE-576)210520892 |a Pazifikkrieg |g 1941-1945 |2 gnd |
| 689 | 0 | 3 | |d s |0 (DE-588)4008784-0 |0 (DE-627)104360178 |0 (DE-576)208878289 |a Bürgerkrieg |2 gnd |
| 689 | 0 | 4 | |d s |0 (DE-588)4300999-2 |0 (DE-627)104095377 |0 (DE-576)211034398 |a Massaker |2 gnd |
| 689 | 0 | 5 | |d s |0 (DE-588)4020517-4 |0 (DE-627)106317768 |0 (DE-576)208933697 |a Geschichte |2 gnd |
| 689 | 0 | |5 (DE-627) | |
| 700 | 1 | |a Cid, Gabriel |d 1984- |e VerfasserIn |0 (DE-588)1064945627 |0 (DE-627)815326351 |0 (DE-576)424538814 |4 aut | |
| 856 | 4 | 2 | |u https://www.gbv.de/dms/spk/iai/cov/178355570X.jpg |m V:DE-601 |m B:DE-204 |q image/jpeg |v 2022-06-30 |3 Cover |7 1 |
| 856 | 4 | 2 | |u https://swbplus.bsz-bw.de/bsz178355570Xinh.htm |m V:DE-576 |m B:DE-21 |v 20221215165825 |3 Inhaltsverzeichnis |7 1 |
| 856 | 4 | 2 | |u https://swbplus.bsz-bw.de/bsz178355570Xkla.htm |m V:DE-576 |m B:DE-21 |v 20221215165825 |3 Klappentext |7 1 |
| 856 | 4 | 2 | |u https://www.gbv.de/dms/spk/iai/toc/178355570X.pdf |m V:DE-601 |m B:DE-204 |q pdf/application |v 2024-11-28 |3 Inhaltsverzeichnis |7 1 |
| 951 | |a BO | ||
| ELC | |b 1 | ||
| LOK | |0 000 xxxxxcx a22 zn 4500 | ||
| LOK | |0 001 4153060224 | ||
| LOK | |0 003 DE-627 | ||
| LOK | |0 004 178355570X | ||
| LOK | |0 005 20221213134808 | ||
| LOK | |0 008 220621||||||||||||||||ger||||||| | ||
| LOK | |0 040 |a DE-21 |c DE-627 |d DE-21 | ||
| LOK | |0 852 |a DE-21 | ||
| LOK | |0 852 1 |c KB 21 A 2654 |9 00 | ||
| LOK | |0 935 |a krim | ||
| LOK | |0 938 |a 2212 |f 34 | ||
| LOK | |0 939 |a 21-06-22 |b l01 | ||
| ORI | |a SA-MARC-krimdoka001.raw | ||
| SIG | |a UB: KB 21 A 2654 | ||
| TIM | |a 100018180101_100020261231 |b 1818 - 2026 | ||
